| 000 | 00718nas a22002414a 4500 | ||
|---|---|---|---|
| 003 | AR-RoIUNI | ||
| 005 | 20190502153339.0 | ||
| 007 | ta | ||
| 008 | 150616s2012 ag fu | r 000 |spa d | ||
| 022 | _a23140623 | ||
| 040 | _cIUNIR | ||
| 080 | _a159.9(051) | ||
| 110 | 1 |
_aUniversidad del Salvador. _bArchivo histórico. |
|
| 245 |
_aHuellas en papel / _cArchivo histórico de la Universidad del Salvador. |
||
| 260 |
_aBuenos Aires : _bUsal, _c2012- |
||
| 300 |
_av. ; _c24 cm |
||
| 362 | _aAño 1, no. 1- | ||
| 500 | _aSemestral | ||
| 500 | _aPublicación también en formato electrónico. | ||
| 650 | 4 | _aPATRIMONIO DOCUMENTAL | |
| 856 | 4 | 0 |
_ahttp://p3.usal.edu.ar/index.php/huellas _qPDF, HTML |
| 942 |
_cCR _2cdu |
||
| 999 |
_c1739 _d1739 |
||